[Event "AUT9798"]
[Site "Fuerstenfeld"]
[Date "1998.03.08"]
[Round "11"]
[White "Nielsen, P. H."]
[Black "Atlas, V."]
[Result "1/2-1/2"]
[WhiteElo "2515"]
[BlackElo "2455"]
[PlyCount "54"]
[EventDate "1998.03.08"]

1. c4 c5 2. Nf3 b6 3. Nc3 Bb7 4. e4 d6 5. d4 cxd4 6. Nxd4 Nf6 7. Qe2 e6 8. g4
Nc6 9. Nxc6 Bxc6 10. g5 Nd7 11. Bf4 Be7 12. h4 a6 13. O-O-O Qc7 14. h5 Ne5 15.
Bh3 b5 16. g6 hxg6 17. Bxe5 dxe5 18. hxg6 b4 19. Bxe6 Bg5+ 20. Kc2 Rxh1 21.
Bxf7+ Ke7 22. Rxh1 bxc3 23. Qg4 Bh6 24. Qe6+ Kf8 25. Qf5 Ke7 26. Qe6+ Kf8 27.
Qf5 Ke7 1/2-1/2

[Event "AUT9798"]
[Site "Fuerstenfeld"]
[Date "1998.03.08"]
[Round "11"]
[White "Thoma, R."]
[Black "Baumegger, S."]
[Result "1/2-1/2"]
[WhiteElo "2300"]
[BlackElo "2485"]
[PlyCount "76"]
[EventDate "1998.03.08"]

1. c4 Nf6 2. Nc3 c5 3. g3 Nc6 4. Bg2 g6 5. a3 a6 6. Rb1 Rb8 7. b4 cxb4 8. axb4
b5 9. cxb5 axb5 10. d4 d5 11. e4 Nxe4 12. Nxe4 dxe4 13. Bf4 e5 14. Bxe4 exf4
15. Bxc6+ Bd7 16. Qe2+ Be7 17. Bxd7+ Qxd7 18. Nf3 O-O 19. O-O fxg3 20. hxg3 Bf6
21. Ne5 Qd5 22. Rfd1 Rfe8 23. Ng4 Bg7 24. Ne3 Qd6 25. Qf3 Rbc8 26. Rd3 h5 27.
Kg2 Rcd8 28. Qb7 h4 29. gxh4 Qf4 30. Qf3 Qxh4 31. d5 Qg5+ 32. Qg4 Qxg4+ 33.
Nxg4 Re4 34. Kf3 f5 35. Ne3 Bf8 36. Rc1 Bxb4 37. Rc6 Bd6 38. Rb3 Kf7 1/2-1/2

[Event "AUT9798"]
[Site "Fuerstenfeld"]
[Date "1998.03.08"]
[Round "11"]
[White "Freitag, M."]
[Black "Feistenauer, F."]
[Result "1-0"]
[WhiteElo "2390"]
[BlackElo "2315"]
[PlyCount "53"]
[EventDate "1998.03.08"]

1. e4 d5 2. exd5 Nf6 3. d4 Bg4 4. Nf3 Qxd5 5. Be2 Nc6 6. O-O O-O-O 7. Be3 Qf5
8. c4 e5 9. d5 e4 10. Nd4 Nxd4 11. Bxd4 Bd6 12. Nc3 Bxe2 13. Qxe2 Bxh2+ 14.
Kxh2 Ng4+ 15. Kg3 h5 16. f4 Rde8 17. Rh1 h4+ 18. Kh3 Nf2+ 19. Kh2 Qxf4+ 20. Kg1
Nxh1 21. Rf1 Qg3 22. Rxf7 e3 23. d6 Qxd6 24. Nb5 Qg3 25. Qd3 Qf2+ 26. Rxf2
exf2+ 27. Bxf2 1-0

[Event "AUT9798"]
[Site "Fuerstenfeld"]
[Date "1998.03.08"]
[Round "11"]
[White "Gaertner, G."]
[Black "Postl, A."]
[Result "1-0"]
[WhiteElo "2340"]
[BlackElo "2275"]
[PlyCount "75"]
[EventDate "1998.03.08"]

1. d4 Nf6 2. c4 g6 3. Nc3 Bg7 4. e4 d6 5. h3 O-O 6. Be3 e5 7. d5 Na6 8. Bd3 Nd7
9. g4 Ndc5 10. Bc2 f5 11. a3 fxe4 12. Bxe4 Qe7 13. b4 Nxe4 14. Nxe4 Rf4 15.
Bxf4 exf4 16. f3 Bf5 17. gxf5 gxf5 18. Ra2 fxe4 19. Kf1 Kh8 20. Re2 e3 21. Rg2
Be5 22. Ne2 Rg8 23. Rxg8+ Kxg8 24. Qd3 Qh4 25. Rh2 Qh5 26. Qe4 Kh8 27. Nd4 Nb8
28. Qf5 Qxf5 29. Nxf5 Nd7 30. Rg2 Nb6 31. Ne7 Bg7 32. Rg4 Nxc4 33. Rxf4 Nxa3
34. Rf7 Bc3 35. Nf5 h5 36. Rxc7 Bxb4 37. Nxe3 Bc5 38. Rxc5 1-0

[Event "AUT9798"]
[Site "Fuerstenfeld"]
[Date "1998.03.08"]
[Round "11"]
[White "Demuth, M."]
[Black "Grabher, H."]
[Result "0-1"]
[WhiteElo "2230"]
[BlackElo "2260"]
[PlyCount "132"]
[EventDate "1998.03.08"]

1. e4 c5 2. Nf3 e6 3. d4 cxd4 4. Nxd4 Nf6 5. Nc3 Nc6 6. Ndb5 d6 7. Bf4 e5 8.
Bg5 a6 9. Na3 b5 10. Bxf6 gxf6 11. Nd5 Bg7 12. c3 f5 13. exf5 Bxf5 14. Nc2 Be6
15. g3 O-O 16. Bg2 Rc8 17. O-O f5 18. f4 e4 19. Qd2 Ne7 20. Nde3 Qb6 21. Rfd1
Rfd8 22. Nd4 d5 23. Bh3 Bxd4 24. Qxd4 Qxd4 25. Rxd4 a5 26. g4 fxg4 27. Bxg4
Bxg4 28. Nxg4 Kf7 29. Ne3 Ke6 30. Rad1 Rb8 31. Kf2 Rd6 32. b3 Rf8 33. c4 Rxf4+
34. Ke2 Rh4 35. cxd5+ Ke5 36. a4 Rxh2+ 37. Ke1 Rh1+ 38. Kf2 Rxd1 39. Rxd1 Nxd5
40. Ng4+ Ke6 41. Rh1 Rd7 42. axb5 Kf5 43. Ne3+ Nxe3 44. Kxe3 Rd3+ 45. Ke2 Rxb3
46. Rxh7 Kf4 47. Rh4+ Ke5 48. Rh5+ Kd4 49. b6 Rb2+ 50. Kf1 a4 51. Ra5 Ke3 52.
Kg1 Kf3 53. Rf5+ Kg3 54. Rg5+ Kf4 55. Ra5 Rxb6 56. Rxa4 Kf3 57. Ra8 e3 58. Re8
Ke2 59. Ra8 Rg6+ 60. Kh2 Ke1 61. Re8 e2 62. Re7 Rg5 63. Kh3 Kd2 64. Rd7+ Ke3
65. Re7+ Kf3 66. Kh2 Rg4 0-1

[Event "AUT9798"]
[Site "Fuerstenfeld"]
[Date "1998.03.08"]
[Round "11"]
[White "Moser, G."]
[Black "Dizdar, G."]
[Result "1/2-1/2"]
[WhiteElo "2355"]
[BlackElo "2545"]
[PlyCount "93"]
[EventDate "1998.03.08"]

1. d4 e6 2. Nf3 c5 3. g3 b5 4. Bg2 Bb7 5. O-O Nf6 6. b3 cxd4 7. Bb2 Be7 8. Nbd2
O-O 9. Rc1 d5 10. Nxd4 Qb6 11. e3 Nbd7 12. Qe2 b4 13. Rfd1 Rac8 14. Qe1 Nc5 15.
Ra1 Rfd8 16. a3 a5 17. axb4 axb4 18. Ra2 Ra8 19. Rda1 Rxa2 20. Rxa2 Ra8 21.
Rxa8+ Bxa8 22. Qb1 Bb7 23. Qd1 Ba6 24. Qa1 Ne8 25. Qd1 Bf6 26. Qg4 g6 27. h4
Bg7 28. Qd1 h6 29. Qa1 Nd6 30. N4f3 Bxb2 31. Qxb2 Nce4 32. Qe5 Nxd2 33. Nxd2 h5
34. Nf3 Ne4 35. Nd4 Nc3 36. Bf1 Bxf1 37. Kxf1 Qa6+ 38. Kg2 Qb6 39. Kh2 Nb5 40.
Nf3 Qc7 41. Qxc7 Nxc7 42. Ne5 Kg7 43. Kg2 f6 44. Nc6 Na6 45. Kf3 e5 46. Ne7 Nc7
47. Nc6 1/2-1/2

[Event "AUT9798"]
[Site "Fuerstenfeld"]
[Date "1998.03.08"]
[Round "11"]
[White "Duer, W."]
[Black "Casagrande, H."]
[Result "1/2-1/2"]
[WhiteElo "2330"]
[BlackElo "2345"]
[PlyCount "57"]
[EventDate "1998.03.08"]

1. d4 g6 2. e4 c6 3. Nc3 d5 4. Nf3 Bg4 5. h3 Bxf3 6. Qxf3 dxe4 7. Nxe4 Qxd4 8.
Bd2 Nf6 9. Bd3 Nbd7 10. Bc3 Qd5 11. Nxf6+ exf6 12. Qxd5 cxd5 13. Bb5 O-O-O 14.
Bxd7+ Rxd7 15. Bxf6 Bb4+ 16. c3 Re8+ 17. Kd1 Bc5 18. Re1 Rxe1+ 19. Kxe1 Rd6 20.
Bg5 Kd7 21. Rd1 Ke6 22. Ke2 d4 23. b4 d3+ 24. Kf3 Bb6 25. Be3 Bd8 26. Bd4 Kd5
27. Rxd3 Kc4 28. Re3 Rd7 29. g3 1/2-1/2

[Event "AUT9798"]
[Site "Fuerstenfeld"]
[Date "1998.03.08"]
[Round "11"]
[White "Roth, P."]
[Black "Laube, B."]
[Result "1/2-1/2"]
[WhiteElo "2285"]
[BlackElo "2280"]
[PlyCount "124"]
[EventDate "1998.03.08"]

1. e4 c5 2. Nc3 Nc6 3. g4 d6 4. Bg2 e5 5. d3 h6 6. h3 Be6 7. Nge2 Qh4 8. Ng3 g6
9. Nd5 Rc8 10. c3 a6 11. Be3 Bg7 12. Qd2 Nf6 13. g5 Nd7 14. O-O-O f5 15. gxh6
Bxh6 16. Bxh6 Rxh6 17. exf5 gxf5 18. Rde1 Nf6 19. Ne3 Ne7 20. Bxb7 Rb8 21. Bxa6
Qa4 22. Bc4 d5 23. Bb3 Qf4 24. Ne2 Qxf2 25. Ref1 Qh4 26. Ng2 Qh5 27. Nef4 exf4
28. Nxf4 Qh4 29. Nxe6 c4 30. Ba4+ Kf7 31. Ng5+ Kf8 32. Nf3 Qh5 33. Nd4 Rg6 34.
Ne6+ Kf7 35. Nf4 Qh6 36. Nxg6 Qxd2+ 37. Kxd2 Kxg6 38. b3 cxd3 39. Rhg1+ Kf7 40.
Kxd3 Ke6 41. Rf4 Rh8 42. h4 Ng4 43. Rgxg4 fxg4 44. Rxg4 Nf5 45. b4 Nxh4 46. Rg3
Nf5 47. Rf3 Ke5 48. Bb3 Rd8 49. a4 Nd6 50. Re3+ Ne4 51. Bc2 Rh8 52. Bb3 Rh2 53.
Bxd5 Rd2+ 54. Kc4 Rxd5 55. b5 Rd1 56. b6 Kf4 57. Rd3 Rxd3 58. Kxd3 Ke5 59. a5
Kd5 60. c4+ Ke5 61. b7 Nc5+ 62. Ke2 Na6 1/2-1/2

[Event "AUT9798"]
[Site "Fuerstenfeld"]
[Date "1998.03.08"]
[Round "11"]
[White "Gerhold, M."]
[Black "Steiner, G."]
[Result "1/2-1/2"]
[WhiteElo "2270"]
[BlackElo "2205"]
[PlyCount "33"]
[EventDate "1998.03.08"]

1. e4 c6 2. d4 d5 3. exd5 cxd5 4. c4 Nf6 5. Nc3 g6 6. cxd5 Nxd5 7. Bc4 Nb6 8.
Bb3 Bg7 9. Nf3 O-O 10. O-O Nc6 11. d5 Na5 12. Bg5 h6 13. Be3 Bg4 14. h3 Bxf3
15. Qxf3 Nbc4 16. Bc1 Nxb3 17. axb3 1/2-1/2

[Event "AUT9798"]
[Site "Fuerstenfeld"]
[Date "1998.03.08"]
[Round "11"]
[White "Tscholowitsch, C."]
[Black "Fischler, W."]
[Result "1/2-1/2"]
[WhiteElo "2215"]
[BlackElo "2355"]
[PlyCount "45"]
[EventDate "1998.03.08"]

1. d4 Nf6 2. g3 g6 3. Bg2 Bg7 4. e4 d6 5. Ne2 c5 6. O-O O-O 7. c3 Nc6 8. dxc5
dxc5 9. Qxd8 Rxd8 10. Be3 b6 11. Nf4 Bb7 12. f3 Ne5 13. g4 Nd3 14. Nxd3 Rxd3
15. Re1 Rad8 16. Na3 R3d7 17. Bf1 Bc6 18. Rac1 Ne8 19. Kg2 Nc7 20. Nc4 Ne6 21.
Be2 Rc7 22. Red1 Rcd7 23. Rxd7 1/2-1/2

[Event "AUT9798"]
[Site "Fuerstenfeld"]
[Date "1998.03.08"]
[Round "11"]
[White "Volke, K."]
[Black "Lukacs, P."]
[Result "1/2-1/2"]
[WhiteElo "2455"]
[BlackElo "2520"]
[PlyCount "22"]
[EventDate "1998.03.08"]

1. d4 Nf6 2. c4 e6 3. Nf3 b6 4. e3 Bb7 5. Bd3 d5 6. O-O Bd6 7. Nc3 O-O 8. cxd5
exd5 9. Qc2 c5 10. b3 Nbd7 11. Bb2 Qe7 1/2-1/2

[Event "AUT9798"]
[Site "Fuerstenfeld"]
[Date "1998.03.08"]
[Round "11"]
[White "Volkmann, F. K."]
[Black "Schlosser, M."]
[Result "1-0"]
[WhiteElo "2395"]
[BlackElo "2350"]
[PlyCount "57"]
[EventDate "1998.03.08"]

1. e4 g6 2. d4 Bg7 3. Nf3 d6 4. Bc4 c6 5. Bb3 Nf6 6. Nc3 O-O 7. O-O d5 8. e5
Ne8 9. Re1 Bg4 10. h3 Bxf3 11. Qxf3 Nc7 12. Be3 e6 13. Qg3 Nd7 14. Ne2 c5 15.
c3 cxd4 16. cxd4 Nb6 17. Rac1 Qd7 18. h4 Na6 19. Nf4 Rac8 20. h5 Rxc1 21. Rxc1
Rc8 22. Rxc8+ Qxc8 23. hxg6 hxg6 24. Nxg6 fxg6 25. Qxg6 Qd7 26. Bc2 Nc7 27. Bd2
Qe7 28. Qh7+ Kf8 29. Bg6 1-0

[Event "AUT9798"]
[Site "Fuerstenfeld"]
[Date "1998.03.08"]
[Round "11"]
[White "Danner, G."]
[Black "Schroll, G."]
[Result "1/2-1/2"]
[WhiteElo "2415"]
[BlackElo "2405"]
[PlyCount "97"]
[EventDate "1998.03.08"]

1. d4 d5 2. Nf3 Nf6 3. c4 e6 4. Nc3 Be7 5. Bg5 O-O 6. e3 h6 7. Bh4 Ne4 8. Bxe7
Qxe7 9. Rc1 Nxc3 10. Rxc3 c6 11. Bd3 Nd7 12. cxd5 exd5 13. O-O Nf6 14. Ne5 Nd7
15. Nxd7 Bxd7 16. b4 b5 17. Rc5 Rfb8 18. Qc2 Re8 19. Rc1 g6 20. g3 Qd6 21. a4
a6 22. Ra1 h5 23. Qd1 h4 24. Qf3 hxg3 25. hxg3 Kg7 26. Qf4 Qe6 27. Bf1 Rh8 28.
Bg2 Rae8 29. Rc2 Rh5 30. axb5 axb5 31. Ra7 Reh8 32. Qc7 Qg4 33. Rd2 Be6 34. Qf4
Qxf4 35. gxf4 g5 36. Rc2 gxf4 37. Rxc6 Bh3 38. exf4 Rf5 39. Ra3 Bxg2 40. Rg3+
Kh7 41. Kxg2 Rxf4 42. Rc1 Rh4 43. Rc7 Rf4 44. Rg5 Rg8 45. Kg3 Rxd4 46. Rxf7+
Kh8 47. Rxg8+ Kxg8 48. Rf4 Rc4 49. Rf5 1/2-1/2

[Event "AUT9798"]
[Site "Fuerstenfeld"]
[Date "1998.03.08"]
[Round "11"]
[White "Neulinger, M."]
[Black "Schwarz, M."]
[Result "0-1"]
[WhiteElo "2310"]
[BlackElo "2400"]
[PlyCount "84"]
[EventDate "1998.03.08"]

1. e4 c5 2. Nf3 d6 3. d4 cxd4 4. Nxd4 Nf6 5. Nc3 a6 6. g3 e5 7. Nde2 Be7 8. h3
Nbd7 9. g4 Nc5 10. Ng3 g6 11. g5 Nfd7 12. Nd5 Nb6 13. Nxe7 Kxe7 14. Be3 Be6 15.
b3 Qc7 16. c4 a5 17. Rc1 Rhc8 18. Qf3 Ncd7 19. a4 Nc5 20. Bd2 Nbd7 21. Be2 Rf8
22. h4 Qb6 23. Bd1 f5 24. exf5 Bxf5 25. Nxf5+ Rxf5 26. Qe3 Nd3+ 27. Ke2 N7c5
28. f3 Nxc1+ 29. Bxc1 Raf8 30. Rh3 Qc6 31. Bc2 R5f7 32. Ba3 b6 33. Bxc5 Qxc5
34. Be4 Rg7 35. Rh1 Rh8 36. h5 gxh5 37. Rxh5 Rhg8 38. f4 exf4 39. Qxf4 Rxg5 40.
Rxh7+ R8g7 41. Rxg7+ Rxg7 42. Bd5 Qg1 0-1

[Event "AUT9798"]
[Site "Fuerstenfeld"]
[Date "1998.03.08"]
[Round "11"]
[White "Frosch, E."]
[Black "Posch, W."]
[Result "1-0"]
[WhiteElo "2310"]
[BlackElo "2275"]
[PlyCount "109"]
[EventDate "1998.03.08"]

1. b3 e5 2. Bb2 Nc6 3. e3 g6 4. Nf3 Bg7 5. Bb5 Nge7 6. d4 exd4 7. exd4 O-O 8.
O-O d5 9. Nbd2 a6 10. Be2 Nf5 11. c3 Re8 12. Re1 Be6 13. Nf1 h6 14. Bd3 Qf6 15.
Qc2 Rad8 16. Re2 Nh4 17. Nxh4 Qxh4 18. Rae1 Bd7 19. Ne3 Ne7 20. Ba3 c6 21. Bd6
Nc8 22. Bc7 Be6 23. Bxd8 Rxd8 24. Nf1 Bd7 25. Nd2 Nd6 26. Nf3 Qh5 27. Ne5 Bc8
28. Qd2 f5 29. f3 Bf6 30. g4 fxg4 31. fxg4 Bxg4 32. Nxg4 Qxg4+ 33. Rg2 Bg5 34.
Qf2 Qh5 35. Qe2 Qxe2 36. Rexe2 Kf7 37. Rgf2+ Bf6 38. Kg2 Nb5 39. Bxb5 axb5 40.
Rf3 Rd6 41. a4 b4 42. cxb4 Re6 43. Kf2 Ke7 44. Rxe6+ Kxe6 45. Ke3 Be7 46. b5
cxb5 47. axb5 h5 48. h3 g5 49. Rf1 Bd6 50. Ra1 Kd7 51. Ra8 Bf4+ 52. Kf3 Bc7 53.
Rg8 Bd8 54. Rg7+ Be7 55. Rh7 1-0